Daňovník platí po novelizácii zákona daň z nehnuteľnosti jednoznačne až po vyrubení

Daňové priznanie ako podklad pre vyrubenie dane. Vyrubenie dane. Platobný výmer. Predĺženie lehoty na vyrubenie dane. Obsah platobného výmeru. Právoplatnosť a vykonateľnosť platobného výmeru.

Saved in:
Bibliographic Details
Main Author: Bubeníková, Irena
Format: Book Chapter
Language:Slovak
Subjects:
Tags: Add Tag
No Tags, Be the first to tag this record!

MARC

LEADER 00000naa$a2200000$$$4500
001 0005209
005 20231106065745.0
041 0 |a slo 
044 |a SK 
245 1 0 |a Daňovník platí po novelizácii zákona daň z nehnuteľnosti jednoznačne až po vyrubení  |c aut. Irena Bubeníková 
520 |a Daňové priznanie ako podklad pre vyrubenie dane. Vyrubenie dane. Platobný výmer. Predĺženie lehoty na vyrubenie dane. Obsah platobného výmeru. Právoplatnosť a vykonateľnosť platobného výmeru. 
610 2 0 |a dane z nehnuteľností 
610 2 0 |a novelizácia 
610 2 0 |a zákony 
610 2 0 |a priznania daňové 
610 2 0 |a daňovníci 
100 1 |a Bubeníková, Irena